| 000 | 00000nas 2200000zi 4500 |
| 001 | 9.912920 |
| 003 | CaOODSP |
| 005 | 20250624144328 |
| 006 | m o d f |
| 007 | cr ||||||||||| |
| 008 | 220629c20189999qucar p o f0###b0fre|d |
| 022 | |a2816-7392 |
| 040 | |aCaOODSP|bfre|erda|cCaOODSP |
| 043 | |an-cn--- |
| 043 | |a2816-7392 |
| 086 | 1 |aST96-18F-PDF |
| 110 | 2 |aAgence spatiale canadienne.|eauteur, |eorganisme de publication |
| 222 | 4|aLes résultats liés au rendement de l'audit interne ... |
| 245 | 14|aLes résultats liés au rendement de l'audit interne ... / |cDirection audit et évaluation. |
| 264 | 1|a[Saint-Hubert, Québec] : |bAgence spatiale canadienne = Canadian Space Agency, |c[2018]- |
| 310 | |aAnnuel |
| 336 | |atexte|btxt|2rdacontent/fre |
| 337 | |ainformatique|bc|2rdamedia/fre |
| 338 | |aressource en ligne|bcr|2rdacarrier/fre |
| 362 | 1 |aParaît depuis : 31 mars 2018. |
| 500 | |aPublié aussi en anglais sous le titre : Performance results for the internal audit function. |
| 500 | |aTitre de départ. |
| 588 | |aDescription d'après : 31 mars 2018. |
| 588 | |aDernière livraison consultée : 31 mars 2018. |
| 610 | 16|aAgence spatiale canadienne |xVérification comptable|vPériodiques. |
| 650 | 6|aVérification interne|zCanada|vPériodiques. |
| 655 | 7|aPériodiques|2rvmgf |
| 775 | 08|tPerformance results for the internal audit function / |w(CaOODSP)9.912921 |